=LDR 00000nam 2200000 4500 =001 INLIS000000000047930 =005 20160308100000.0 =006 =007 =008 =020 ##$$a 979-538-231-4 =035 ##$$0010-031600000000043 =082 ##$$a 347.04 =090 ##$$a 347.04 Bak c =100 ##$$a Suyati Bachtiar, Herlina., SH, MBA =245 ##$$a Serial Contoh Akta Notaris dan Akta di Bawah Tangan Buku VIII $b Mengenai Penerbitan Obligasi =260 ##$$a Bandung $b Mandar Maju $c 2003 =300 ##$$a viii; 140 hlm $c 15 cm =990 ##$$a 0001/BPAP-NTB/2016